Redefining Business Horizons : (Record no. 594033)

MARC details
000 -LEADER
fixed length control field 00426nam a2200181 a 4500
008 - FIXED-LENGTH DATA ELEMENTS--GENERAL INFORMATION
fixed length control field 251026s2008##################000#0#eng##
020 ## - INTERNATIONAL STANDARD BOOK NUMBER
ISBN 9780230637153
082 04 - DEWEY DECIMAL CLASSIFICATION NUMBER
Classification number 658.8702
Item number SAH
245 10 - TITLE STATEMENT
Title Redefining Business Horizons :
260 ## - PUBLICATION, DISTRIBUTION, ETC. (IMPRINT)
Year of publication 2008.
300 ## - PHYSICAL DESCRIPTION
Number of Pages 644 pages
650 #0 - SUBJECT ADDED ENTRY--TOPICAL TERM
Topical Term Business logistics.
942 ## - ADDED ENTRY ELEMENTS (KOHA)
Koha item type English Books
Holdings
Withdrawn status Lost status Damaged status Not for loan Home library Current library Shelving location Date acquired Full call number Accession Number Price effective from Koha item type
        Anna Centenary Library Anna Centenary Library 6TH FLOOR, B WING 26.10.2025 658.8702 SAH 120141 26.10.2025 English Books

Find us on the map